[Event "European Women's Championship"]
[Site "Vysoke Tatry"]
[Date "2018.04.16"]
[Round "8"]
[White "Batsiashvili, Nino"]
[Black "Velikic, Adela"]
[Result "1-0"]
[Board "19"]
[WhiteElo "2521"]
[WhiteTitle "IM"]
[WhiteCountry "GEO"]
[WhiteFideId "13602993"]
[WhiteEloChange "2"]
[BlackElo "2241"]
[BlackTitle "WIM"]
[BlackCountry "SRB"]
[BlackFideId "913553"]
[BlackEloChange "-3"]

1. Nf3 {[%clk 1:30:56]} d5 {[%clk 1:30:55]} 2. g3 {[%clk 1:31:22]} Nf6 {[%clk
1:31:17]} 3. Bg2 {[%clk 1:31:46]} c6 {[%clk 1:31:37]} 4. O-O {[%clk 1:31:40]} Bf5
{[%clk 1:31:59]} 5. c4 {[%clk 1:32:04]} e6 {[%clk 1:32:07]} 6. cxd5 {[%clk
1:32:25]} exd5 {[%clk 1:31:53]} 7. d3 {[%clk 1:32:45]} Na6 {[%clk 1:26:46]} 8. a3
{[%clk 1:32:20]} Be7 {[%clk 1:25:29]} 9. Nbd2 {[%clk 1:32:44]} O-O {[%clk
1:23:19]} 10. b4 {[%clk 1:32:53]} Nc7 {[%clk 1:18:17]} 11. Nb3 {[%clk 1:33:17]}
Re8 {[%clk 1:05:51]} 12. Bb2 {[%clk 1:30:05]} Bd6 {[%clk 0:51:08]} 13. Qc2 {[%clk
1:23:58]} Bg4 {[%clk 0:43:34]} 14. Rae1 {[%clk 1:16:06]} Bxf3 {[%clk 0:28:34]}
15. Bxf3 {[%clk 1:15:37]} Be5 {[%clk 0:26:40]} 16. Bc1 {[%clk 1:13:36]} Nb5
{[%clk 0:22:10]} 17. e3 {[%clk 1:12:51]} Rc8 {[%clk 0:06:31]} 18. Bg2 {[%clk
1:10:19]} Bb8 {[%clk 0:05:37]} 19. a4 {[%clk 0:43:47]} Nc7 {[%clk 0:05:00]} 20.
Bd2 {[%clk 0:44:03]} Ne6 {[%clk 0:04:51]} 21. Qb2 {[%clk 0:39:01]} Nd7 {[%clk
0:02:52]} 22. Bc3 {[%clk 0:37:03]} c5 {[%clk 0:00:40]} 23. bxc5 {[%clk 0:20:42]}
Ndxc5 {[%clk 0:01:07]} 24. Nxc5 {[%clk 0:21:07]} Nxc5 {[%clk 0:01:15]} 25. Qa1
{[%clk 0:10:38]} Nb3 {[%clk 0:01:03]} 26. Qb2 {[%clk 0:11:07]} Nc5 {[%clk
0:01:30]} 27. Bxg7 {[%clk 0:05:58]} Nxd3 {[%clk 0:01:35]} 28. Qd4 {[%clk
0:06:27]} Nxe1 {[%clk 0:01:16]} 29. Bh8 {[%clk 0:03:35]} Qg5 {[%clk 0:00:57]} 30.
f4 {[%clk 0:00:45]} Nc2 {[%clk 0:00:43]} 31. fxg5 {[%clk 0:01:13]} Nxd4 {[%clk
0:01:09]} 32. Bxd4 {[%clk 0:01:39]} Be5 {[%clk 0:01:01]} 33. Bxa7 {[%clk
0:01:00]} Ra8 {[%clk 0:00:47]} 34. Bb6 {[%clk 0:01:08]} Rxa4 {[%clk 0:00:39]} 35.
Bxd5 {[%clk 0:01:30]} Re7 {[%clk 0:00:58]} 36. Kg2 {[%clk 0:00:48]} Rd7 {[%clk
0:01:05]} 37. e4 {[%clk 0:01:12]} Bd4 {[%clk 0:01:06]} 38. Rb1 {[%clk 0:01:06]}
Bxb6 {[%clk 0:01:05]} 39. Rxb6 {[%clk 0:01:35]} Ra7 {[%clk 0:01:15]} 40. h4
{[%clk 0:31:56]} Kf8 {[%clk 0:30:44]} 41. Kf3 {[%clk 0:30:28]} Ra6 {[%clk
0:24:10]} 42. Rb2 {[%clk 0:28:23]} b6 {[%clk 0:21:38]} 43. Kf4 {[%clk 0:27:34]}
Rc7 {[%clk 0:17:05]} 44. Rb3 {[%clk 0:27:17]} Rc5 {[%clk 0:11:06]} 45. h5 {[%clk
0:21:13]} b5 {[%clk 0:09:23]} 46. Ke5 {[%clk 0:19:14]} Rb6 {[%clk 0:08:23]} 47.
Ra3 {[%clk 0:18:00]} b4 {[%clk 0:04:33]} 48. Ra8+ {[%clk 0:17:03]} Ke7 {[%clk
0:04:20]} 49. Ra7+ {[%clk 0:17:31]} Ke8 {[%clk 0:02:52]} 50. Ra8+ {[%clk
0:15:15]} Kd7 {[%clk 0:01:56]} 51. Ra7+ {[%clk 0:13:16]} Ke8 {[%clk 0:01:22]} 52.
Ra8+ {[%clk 0:11:04]} Kd7 {[%clk 0:01:52]} 53. Rf8 {[%clk 0:06:00]} Rxd5+ {[%clk
0:01:05]} 54. exd5 {[%clk 0:06:14]} Ke7 {[%clk 0:01:26]} 55. Ra8 {[%clk 0:05:15]}
b3 {[%clk 0:01:17]} 56. d6+ {[%clk 0:02:16]} Rxd6 {[%clk 0:00:59]} 57. Rb8 {[%clk
0:02:42]} Rd3 {[%clk 0:01:21]} 58. Rb7+ {[%clk 0:03:03]} Kf8 {[%clk 0:01:02]} 59.
g4 {[%clk 0:03:02]} Re3+ {[%clk 0:00:55]} 60. Kf4 {[%clk 0:02:44]} Rc3 {[%clk
0:01:13]} 61. h6 {[%clk 0:01:00]} Rc4+ {[%clk 0:01:14]} 62. Kg3 {[%clk 0:01:12]}
Rc3+ {[%clk 0:01:29]} 63. Kh4 {[%clk 0:01:05]} Re3 {[%clk 0:00:38]} 64. g6 {[%clk
0:01:16]} fxg6 {[%clk 0:00:40]} 65. Rxh7 {[%clk 0:01:29]} Re5 {[%clk 0:00:37]}
66. Rh8+ {[%clk 0:01:30]} Kf7 {[%clk 0:00:52]} 67. Rb8 {[%clk 0:01:57]} Re2
{[%clk 0:00:32]} 68. Kg5 {[%clk 0:01:09]} Re5+ {[%clk 0:00:33]} 69. Kf4 {[%clk
0:01:24]} Rc5 {[%clk 0:00:34]} 70. h7 {[%clk 0:01:32]} g5+ {[%clk 0:00:32]} 71.
Ke4 {[%clk 0:01:56]} Rc4+ {[%clk 0:00:36]} 72. Kd5 {[%clk 0:02:15]} 1-0

[Event "European Women's Championship"]
[Site "Vysoke Tatry"]
[Date "2018.04.16"]
[Round "8"]
[White "Khotenashvili, Bela"]
[Black "Cosma, Elena-Luminita"]
[Result "1-0"]
[Board "20"]
[WhiteElo "2484"]
[WhiteTitle "GM"]
[WhiteCountry "GEO"]
[WhiteFideId "13602640"]
[WhiteEloChange "3"]
[BlackElo "2340"]
[BlackTitle "WGM"]
[BlackCountry "ROU"]
[BlackFideId "1201590"]
[BlackEloChange "-6"]

1. Nf3 {[%clk 1:30:45]} d5 {[%clk 1:30:51]} 2. g3 {[%clk 1:31:05]} Nf6 {[%clk
1:31:12]} 3. Bg2 {[%clk 1:31:25]} e6 {[%clk 1:31:26]} 4. O-O {[%clk 1:31:46]}
Nbd7 {[%clk 1:31:36]} 5. d3 {[%clk 1:31:44]} b6 {[%clk 1:31:47]} 6. c4 {[%clk
1:31:02]} Bb7 {[%clk 1:32:05]} 7. cxd5 {[%clk 1:31:07]} exd5 {[%clk 1:31:42]} 8.
Nc3 {[%clk 1:31:14]} Be7 {[%clk 1:31:27]} 9. e4 {[%clk 1:31:37]} Nc5 {[%clk
1:01:02]} 10. Nd4 {[%clk 1:16:29]} O-O {[%clk 0:49:05]} 11. e5 {[%clk 1:01:12]}
Ne8 {[%clk 0:49:09]} 12. Nf5 {[%clk 1:01:14]} c6 {[%clk 0:44:29]} 13. d4 {[%clk
1:00:21]} Ne6 {[%clk 0:44:34]} 14. f4 {[%clk 0:59:40]} N6c7 {[%clk 0:40:07]} 15.
Nxe7+ {[%clk 0:42:22]} Qxe7 {[%clk 0:40:34]} 16. f5 {[%clk 0:42:44]} f6 {[%clk
0:40:21]} 17. e6 {[%clk 0:35:56]} Nd6 {[%clk 0:40:28]} 18. a4 {[%clk 0:27:41]} a5
{[%clk 0:38:39]} 19. g4 {[%clk 0:25:48]} Rfd8 {[%clk 0:31:00]} 20. h4 {[%clk
0:15:33]} Nce8 {[%clk 0:25:20]} 21. Qf3 {[%clk 0:08:30]} Rac8 {[%clk 0:23:32]}
22. Bf4 {[%clk 0:05:29]} Ba6 {[%clk 0:14:01]} 23. Rf2 {[%clk 0:04:41]} Bc4 {[%clk
0:13:16]} 24. Re1 {[%clk 0:02:51]} Ba6 {[%clk 0:11:10]} 25. Bc1 {[%clk 0:02:19]}
Bc4 {[%clk 0:07:02]} 26. g5 {[%clk 0:02:44]} Rc7 {[%clk 0:04:48]} 27. Bh3 {[%clk
0:02:34]} Rcc8 {[%clk 0:03:55]} 28. Rg2 {[%clk 0:02:42]} Ne4 {[%clk 0:03:21]} 29.
b3 {[%clk 0:02:35]} Nxc3 {[%clk 0:03:32]} 30. Qxc3 {[%clk 0:02:51]} Ba6 {[%clk
0:03:21]} 31. gxf6 {[%clk 0:01:44]} Nxf6 {[%clk 0:03:21]} 32. Bh6 {[%clk
0:01:44]} Ne8 {[%clk 0:04:10]} 33. f6 {[%clk 0:02:15]} Qxf6 {[%clk 0:00:52]} 34.
Bg5 {[%clk 0:02:37]} 1-0

[Event "European Women's Championship"]
[Site "Vysoke Tatry"]
[Date "2018.04.16"]
[Round "8"]
[White "Rapport, Jovana"]
[Black "Socko, Monika"]
[Result "1-0"]
[Board "21"]
[WhiteElo "2328"]
[WhiteTitle "WGM"]
[WhiteCountry "SRB"]
[WhiteFideId "937266"]
[WhiteEloChange "14"]
[BlackElo "2471"]
[BlackTitle "GM"]
[BlackCountry "POL"]
[BlackFideId "1106619"]
[BlackEloChange "-7"]

1. d4 {[%clk 1:30:48]} Nf6 {[%clk 1:30:55]} 2. Nf3 {[%clk 1:31:05]} e6 {[%clk
1:31:11]} 3. Bf4 {[%clk 1:31:14]} d5 {[%clk 1:31:35]} 4. e3 {[%clk 1:31:18]} c5
{[%clk 1:31:41]} 5. Be2 {[%clk 1:31:15]} Nc6 {[%clk 1:32:05]} 6. O-O {[%clk
1:31:30]} Nh5 {[%clk 1:32:23]} 7. Bg5 {[%clk 1:30:29]} Qb6 {[%clk 1:32:48]} 8.
Nc3 {[%clk 1:26:08]} h6 {[%clk 1:31:06]} 9. Bh4 {[%clk 1:19:50]} g5 {[%clk
1:31:13]} 10. dxc5 {[%clk 1:01:38]} Qxc5 {[%clk 1:29:59]} 11. Nd4 {[%clk
1:00:54]} Nf4 {[%clk 1:20:43]} 12. Bg3 {[%clk 0:57:22]} Nxe2+ {[%clk 1:12:13]}
13. Qxe2 {[%clk 0:56:12]} a6 {[%clk 1:12:11]} 14. Nxc6 {[%clk 0:55:46]} bxc6
{[%clk 1:10:18]} 15. Be5 {[%clk 0:55:55]} Rg8 {[%clk 1:10:40]} 16. Rad1 {[%clk
0:35:38]} Bg7 {[%clk 1:05:38]} 17. Bxg7 {[%clk 0:28:03]} Rxg7 {[%clk 1:04:31]}
18. e4 {[%clk 0:28:19]} d4 {[%clk 0:54:15]} 19. Na4 {[%clk 0:28:40]} Qb4 {[%clk
0:46:31]} 20. b3 {[%clk 0:28:31]} e5 {[%clk 0:42:54]} 21. c3 {[%clk 0:28:18]}
dxc3 {[%clk 0:42:16]} 22. Qf3 {[%clk 0:25:54]} Rg6 {[%clk 0:37:26]} 23. Nxc3
{[%clk 0:24:45]} Ra7 {[%clk 0:35:11]} 24. Qg3 {[%clk 0:22:39]} Re7 {[%clk
0:34:59]} 25. Rd3 {[%clk 0:23:01]} Rd6 {[%clk 0:34:16]} 26. Rxd6 {[%clk 0:22:19]}
Qxd6 {[%clk 0:34:42]} 27. h4 {[%clk 0:22:44]} g4 {[%clk 0:29:47]} 28. Rd1 {[%clk
0:20:31]} Qc5 {[%clk 0:23:49]} 29. Kh2 {[%clk 0:16:58]} h5 {[%clk 0:21:37]} 30.
Na4 {[%clk 0:14:34]} Qc2 {[%clk 0:20:50]} 31. Rd3 {[%clk 0:14:59]} Qxa2 {[%clk
0:16:25]} 32. Nb6 {[%clk 0:08:11]} Bb7 {[%clk 0:16:14]} 33. Qe3 {[%clk 0:07:29]}
f6 {[%clk 0:11:13]} 34. Rd6 {[%clk 0:07:17]} Rf7 {[%clk 0:08:00]} 35. Re6+ {[%clk
0:06:23]} Re7 {[%clk 0:04:03]} 36. Rxf6 {[%clk 0:06:46]} Rf7 {[%clk 0:01:43]} 37.
Rxf7 {[%clk 0:06:13]} Kxf7 {[%clk 0:02:11]} 38. Nc4 {[%clk 0:06:40]} Ba8 {[%clk
0:01:14]} 39. Qa7+ {[%clk 0:02:45]} Ke6 {[%clk 0:01:42]} 40. Qxa8 {[%clk
0:33:01]} Qxb3 {[%clk 0:32:09]} 41. Qxc6+ {[%clk 0:33:24]} Ke7 {[%clk 0:32:29]}
42. Qd6+ {[%clk 0:33:19]} 1-0

[Event "European Women's Championship"]
[Site "Vysoke Tatry"]
[Date "2018.04.16"]
[Round "8"]
[White "Girya, Olga"]
[Black "Gara, Ticia"]
[Result "1-0"]
[Board "22"]
[WhiteElo "2470"]
[WhiteTitle "WGM"]
[WhiteCountry "RUS"]
[WhiteFideId "4195752"]
[WhiteEloChange "3"]
[BlackElo "2330"]
[BlackTitle "WGM"]
[BlackCountry "HUN"]
[BlackFideId "717444"]
[BlackEloChange "-6"]

1. d4 {[%clk 1:30:59]} Nf6 {[%clk 1:30:54]} 2. c4 {[%clk 1:31:13]} e6 {[%clk
1:31:13]} 3. Nf3 {[%clk 1:31:33]} Bb4+ {[%clk 1:31:00]} 4. Bd2 {[%clk 1:31:42]}
Qe7 {[%clk 1:30:45]} 5. g3 {[%clk 1:31:49]} Bxd2+ {[%clk 1:30:24]} 6. Qxd2 {[%clk
1:32:11]} Nc6 {[%clk 1:29:58]} 7. b3 {[%clk 1:31:30]} d5 {[%clk 1:28:27]} 8. Bg2
{[%clk 1:28:49]} O-O {[%clk 1:23:18]} 9. O-O {[%clk 1:28:00]} dxc4 {[%clk
1:23:15]} 10. bxc4 {[%clk 1:28:25]} e5 {[%clk 1:23:19]} 11. d5 {[%clk 1:27:42]}
Nb8 {[%clk 1:23:42]} 12. Qe3 {[%clk 1:19:20]} Nbd7 {[%clk 1:20:24]} 13. Nfd2
{[%clk 1:17:33]} Nc5 {[%clk 1:18:11]} 14. Nb3 {[%clk 1:08:22]} Nfd7 {[%clk
1:16:21]} 15. Nc3 {[%clk 1:06:37]} a6 {[%clk 1:08:09]} 16. Nxc5 {[%clk 0:51:44]}
Qxc5 {[%clk 1:02:21]} 17. Qxc5 {[%clk 0:46:53]} Nxc5 {[%clk 1:02:07]} 18. Ne4
{[%clk 0:47:18]} Na4 {[%clk 0:53:54]} 19. Rfc1 {[%clk 0:38:24]} Bf5 {[%clk
0:48:19]} 20. c5 {[%clk 0:34:58]} Bxe4 {[%clk 0:43:50]} 21. Bxe4 {[%clk 0:35:26]}
Rad8 {[%clk 0:42:52]} 22. Rab1 {[%clk 0:26:17]} f5 {[%clk 0:23:07]} 23. Bg2
{[%clk 0:26:39]} b6 {[%clk 0:20:23]} 24. d6 {[%clk 0:21:41]} cxd6 {[%clk
0:12:48]} 25. Bd5+ {[%clk 0:22:02]} Kh8 {[%clk 0:13:16]} 26. cxb6 {[%clk
0:22:20]} Nc5 {[%clk 0:13:03]} 27. b7 {[%clk 0:21:34]} Rb8 {[%clk 0:12:44]} 28.
Rb6 {[%clk 0:21:14]} Rfd8 {[%clk 0:12:48]} 29. h3 {[%clk 0:16:58]} g6 {[%clk
0:11:04]} 30. g4 {[%clk 0:15:54]} f4 {[%clk 0:10:52]} 31. g5 {[%clk 0:14:08]} Kg7
{[%clk 0:10:59]} 32. Rc6 {[%clk 0:11:36]} Kf8 {[%clk 0:06:52]} 33. Rc7 {[%clk
0:11:52]} Nd7 {[%clk 0:06:58]} 34. R1c6 {[%clk 0:11:12]} Nc5 {[%clk 0:04:54]} 35.
Rf7+ {[%clk 0:10:56]} Ke8 {[%clk 0:05:06]} 36. Rcc7 {[%clk 0:11:11]} 1-0

[Event "European Women's Championship"]
[Site "Vysoke Tatry"]
[Date "2018.04.16"]
[Round "8"]
[White "Belenkaya, Dina"]
[Black "Cornette, Deimante"]
[Result "0-1"]
[Board "23"]
[WhiteElo "2308"]
[WhiteTitle "WGM"]
[WhiteCountry "RUS"]
[WhiteFideId "24142654"]
[WhiteEloChange "-6"]
[BlackElo "2467"]
[BlackTitle "IM"]
[BlackCountry "LTU"]
[BlackFideId "12802859"]
[BlackEloChange "3"]

1. e4 {[%clk 1:30:56]} e6 {[%clk 1:30:54]} 2. d4 {[%clk 1:31:18]} d5 {[%clk
1:31:18]} 3. Nd2 {[%clk 1:31:40]} h6 {[%clk 1:31:36]} 4. Bd3 {[%clk 1:29:22]} c5
{[%clk 1:31:38]} 5. c3 {[%clk 1:26:03]} Nc6 {[%clk 1:30:09]} 6. Ngf3 {[%clk
1:23:43]} Nf6 {[%clk 1:20:54]} 7. exd5 {[%clk 1:22:14]} Nxd5 {[%clk 1:20:22]} 8.
O-O {[%clk 1:09:59]} cxd4 {[%clk 1:11:17]} 9. cxd4 {[%clk 1:09:50]} Be7 {[%clk
1:06:20]} 10. Ne4 {[%clk 1:04:45]} O-O {[%clk 1:05:02]} 11. a3 {[%clk 1:04:40]}
f5 {[%clk 1:01:14]} 12. Nc3 {[%clk 1:03:20]} Bf6 {[%clk 1:00:03]} 13. Bc2 {[%clk
0:59:59]} Nb6 {[%clk 0:51:49]} 14. Be3 {[%clk 0:57:30]} Nc4 {[%clk 0:38:51]} 15.
Qe2 {[%clk 0:56:16]} Nxe3 {[%clk 0:37:15]} 16. fxe3 {[%clk 0:56:29]} Ne7 {[%clk
0:29:39]} 17. Rad1 {[%clk 0:55:20]} Nd5 {[%clk 0:28:24]} 18. Bb3 {[%clk 0:48:43]}
Nxc3 {[%clk 0:24:53]} 19. bxc3 {[%clk 0:47:29]} Qa5 {[%clk 0:25:16]} 20. e4
{[%clk 0:40:08]} Qxa3 {[%clk 0:23:08]} 21. Nd2 {[%clk 0:28:40]} Kh8 {[%clk
0:22:09]} 22. Ra1 {[%clk 0:22:15]} Qe7 {[%clk 0:11:16]} 23. e5 {[%clk 0:21:27]}
Bg5 {[%clk 0:11:36]} 24. Nf3 {[%clk 0:20:32]} Bd7 {[%clk 0:11:27]} 25. c4 {[%clk
0:18:05]} Bc6 {[%clk 0:09:08]} 26. d5 {[%clk 0:15:58]} exd5 {[%clk 0:08:56]} 27.
cxd5 {[%clk 0:10:55]} Bxd5 {[%clk 0:08:22]} 28. Bxd5 {[%clk 0:11:01]} Qc5+ {[%clk
0:08:48]} 29. Kh1 {[%clk 0:11:14]} Qxd5 {[%clk 0:09:13]} 30. Nxg5 {[%clk
0:11:11]} hxg5 {[%clk 0:09:37]} 31. e6 {[%clk 0:09:05]} Qe4 {[%clk 0:07:41]} 32.
Qh5+ {[%clk 0:08:21]} Kg8 {[%clk 0:08:06]} 33. Qxg5 {[%clk 0:00:42]} Qxe6 {[%clk
0:08:23]} 34. Ra5 {[%clk 0:00:43]} b6 {[%clk 0:07:39]} 35. Ra3 {[%clk 0:01:10]}
a5 {[%clk 0:07:19]} 36. Rh3 {[%clk 0:01:05]} Rf6 {[%clk 0:04:33]} 37. Re3 {[%clk
0:01:21]} Qc4 {[%clk 0:03:31]} 38. Rfe1 {[%clk 0:00:37]} Qg4 {[%clk 0:03:28]} 39.
h4 {[%clk 0:00:35]} Qxg5 {[%clk 0:02:42]} 40. hxg5 {[%clk 0:31:04]} Rg6 {[%clk
0:32:46]} 41. Rb1 {[%clk 0:21:12]} Ra6 {[%clk 0:26:08]} 42. Rc1 {[%clk 0:10:30]}
Ra8 {[%clk 0:19:45]} 43. Rb1 {[%clk 0:10:40]} a4 {[%clk 0:13:50]} 44. Re5 {[%clk
0:09:11]} f4 {[%clk 0:10:13]} 45. Reb5 {[%clk 0:09:11]} a3 {[%clk 0:05:52]} 46.
Ra1 {[%clk 0:07:33]} Ra4 {[%clk 0:03:59]} 47. Ra2 {[%clk 0:06:14]} Rc6 {[%clk
0:03:32]} 48. Rb3 {[%clk 0:06:37]} Kf7 {[%clk 0:02:58]} 49. Rbxa3 {[%clk
0:04:16]} Rxa3 {[%clk 0:03:19]} 50. Rxa3 {[%clk 0:04:44]} Kg6 {[%clk 0:03:20]}
51. Ra7 {[%clk 0:05:11]} Rc5 {[%clk 0:03:03]} 52. Rb7 {[%clk 0:03:11]} b5 {[%clk
0:03:17]} 53. Kg1 {[%clk 0:03:00]} Rxg5 {[%clk 0:03:15]} 54. Rb6+ {[%clk
0:03:26]} Kh5 {[%clk 0:03:15]} 55. Rb7 {[%clk 0:02:09]} g6 {[%clk 0:02:02]} 56.
Rh7+ {[%clk 0:00:43]} Kg4 {[%clk 0:02:28]} 57. Rg7 {[%clk 0:01:05]} Kf5 {[%clk
0:02:42]} 58. Kf2 {[%clk 0:01:22]} Ke4 {[%clk 0:02:51]} 59. Rd7 {[%clk 0:01:12]}
Rd5 {[%clk 0:02:52]} 60. Re7+ {[%clk 0:01:36]} Kd3 {[%clk 0:02:41]} 61. Kf3
{[%clk 0:01:34]} g5 {[%clk 0:02:54]} 62. Rb7 {[%clk 0:01:42]} Rc5 {[%clk
0:02:38]} 63. Rd7+ {[%clk 0:01:38]} Kc3 {[%clk 0:02:45]} 64. Ke2 {[%clk 0:01:22]}
b4 {[%clk 0:02:47]} 65. Kd1 {[%clk 0:00:58]} Kb2 {[%clk 0:02:46]} 66. Rd2+ {[%clk
0:01:16]} Ka3 {[%clk 0:03:03]} 67. Rd3+ {[%clk 0:01:27]} b3 {[%clk 0:03:24]} 68.
Rd8 {[%clk 0:01:39]} Ka2 {[%clk 0:03:38]} 69. Ra8+ {[%clk 0:02:04]} Kb1 {[%clk
0:04:01]} 70. Rd8 {[%clk 0:01:52]} b2 {[%clk 0:03:56]} 71. Rd7 {[%clk 0:02:16]}
Ra5 {[%clk 0:03:31]} 0-1

[Event "European Women's Championship"]
[Site "Vysoke Tatry"]
[Date "2018.04.16"]
[Round "8"]
[White "Warakomska, Anna"]
[Black "Hoang, Thanh Trang"]
[Result "1/2-1/2"]
[Board "24"]
[WhiteElo "2306"]
[WhiteTitle "WIM"]
[WhiteCountry "POL"]
[WhiteFideId "1130790"]
[WhiteEloChange "4"]
[BlackElo "2437"]
[BlackTitle "GM"]
[BlackCountry "HUN"]
[BlackFideId "12400149"]
[BlackEloChange "-2"]

1. e4 {[%clk 1:30:47]} e6 {[%clk 1:30:41]} 2. d4 {[%clk 1:31:12]} d5 {[%clk
1:31:02]} 3. Nc3 {[%clk 1:31:19]} Nf6 {[%clk 1:30:42]} 4. e5 {[%clk 1:31:44]}
Nfd7 {[%clk 1:31:04]} 5. f4 {[%clk 1:31:51]} c5 {[%clk 1:31:10]} 6. Nf3 {[%clk
1:32:17]} Nc6 {[%clk 1:31:30]} 7. Be3 {[%clk 1:32:23]} Be7 {[%clk 1:31:13]} 8.
Qd2 {[%clk 1:32:19]} O-O {[%clk 1:30:48]} 9. dxc5 {[%clk 1:32:20]} Nxc5 {[%clk
1:29:46]} 10. O-O-O {[%clk 1:32:17]} b6 {[%clk 1:29:08]} 11. Bb5 {[%clk 1:30:58]}
Qc7 {[%clk 1:28:08]} 12. Bxc6 {[%clk 1:25:05]} Qxc6 {[%clk 1:28:26]} 13. f5
{[%clk 1:19:31]} exf5 {[%clk 1:28:26]} 14. Qxd5 {[%clk 1:07:53]} Bb7 {[%clk
1:08:24]} 15. Qxc6 {[%clk 1:05:54]} Bxc6 {[%clk 1:08:46]} 16. Nd4 {[%clk
1:05:50]} Be4 {[%clk 1:03:49]} 17. Nxe4 {[%clk 0:57:37]} fxe4 {[%clk 1:04:00]}
18. Nf5 {[%clk 0:57:58]} Rfe8 {[%clk 1:01:57]} 19. Rd5 {[%clk 0:55:21]} g6 {[%clk
0:51:19]} 20. Nxe7+ {[%clk 0:51:43]} Rxe7 {[%clk 0:51:38]} 21. Bxc5 {[%clk
0:51:44]} bxc5 {[%clk 0:51:43]} 22. Re1 {[%clk 0:51:54]} Rc8 {[%clk 0:45:40]} 23.
Rxe4 {[%clk 0:48:35]} f5 {[%clk 0:45:22]} 24. Rc4 {[%clk 0:44:52]} Rec7 {[%clk
0:45:42]} 25. g4 {[%clk 0:40:05]} fxg4 {[%clk 0:43:58]} 26. Rxg4 {[%clk 0:38:15]}
Rf8 {[%clk 0:42:21]} 27. h4 {[%clk 0:32:57]} Rf1+ {[%clk 0:38:10]} 28. Kd2 {[%clk
0:32:44]} Kf7 {[%clk 0:37:33]} 29. Re4 {[%clk 0:30:34]} Rf2+ {[%clk 0:31:48]} 30.
Kc3 {[%clk 0:30:26]} Rf3+ {[%clk 0:31:34]} 31. Rd3 {[%clk 0:20:05]} Rxd3+ {[%clk
0:30:26]} 32. cxd3 {[%clk 0:20:26]} Ke6 {[%clk 0:30:31]} 33. Kc4 {[%clk 0:20:30]}
Rd7 {[%clk 0:24:26]} 34. a3 {[%clk 0:15:28]} Rd5 {[%clk 0:16:55]} 35. b4 {[%clk
0:09:49]} cxb4 {[%clk 0:16:31]} 36. axb4 {[%clk 0:10:03]} Rxe5 {[%clk 0:16:04]}
37. Rxe5+ {[%clk 0:08:59]} Kxe5 {[%clk 0:16:27]} 38. Kc5 {[%clk 0:09:27]} h6
{[%clk 0:13:35]} 39. d4+ {[%clk 0:09:39]} Ke6 {[%clk 0:13:55]} 40. Kc6 {[%clk
0:40:00]} Ke7 {[%clk 0:44:12]} 41. Kc7 {[%clk 0:33:58]} Ke6 {[%clk 0:44:28]} 42.
Kc6 {[%clk 0:33:53]} Ke7 {[%clk 0:44:51]} 43. Kc7 {[%clk 0:32:42]} 1/2-1/2

[Event "European Women's Championship"]
[Site "Vysoke Tatry"]
[Date "2018.04.16"]
[Round "8"]
[White "Gvanceladze, Anna"]
[Black "Zimina, Olga"]
[Result "1/2-1/2"]
[Board "25"]
[WhiteElo "2302"]
[WhiteTitle "WFM"]
[WhiteCountry "RUS"]
[WhiteFideId "4113721"]
[WhiteEloChange "3"]
[BlackElo "2414"]
[BlackTitle "IM"]
[BlackCountry "ITA"]
[BlackFideId "4132190"]
[BlackEloChange "-2"]

1. e4 {[%clk 1:30:49]} c5 {[%clk 1:30:46]} 2. Nf3 {[%clk 1:31:13]} e6 {[%clk
1:31:12]} 3. g3 {[%clk 1:31:39]} Nc6 {[%clk 1:31:38]} 4. Bg2 {[%clk 1:32:03]} Nf6
{[%clk 1:32:03]} 5. Qe2 {[%clk 1:32:29]} e5 {[%clk 1:32:28]} 6. c3 {[%clk
1:31:46]} Be7 {[%clk 1:32:52]} 7. O-O {[%clk 1:32:12]} O-O {[%clk 1:33:18]} 8.
Na3 {[%clk 1:32:30]} Re8 {[%clk 1:33:18]} 9. d3 {[%clk 1:31:01]} h6 {[%clk
1:31:44]} 10. Nc4 {[%clk 1:26:33]} Bf8 {[%clk 1:30:52]} 11. Ne3 {[%clk 1:18:32]}
d5 {[%clk 1:26:31]} 12. exd5 {[%clk 1:10:03]} Nxd5 {[%clk 1:26:41]} 13. Nxd5
{[%clk 1:08:52]} Qxd5 {[%clk 1:27:04]} 14. Be3 {[%clk 1:08:25]} Bg4 {[%clk
1:13:15]} 15. h3 {[%clk 1:01:49]} Bh5 {[%clk 1:11:54]} 16. g4 {[%clk 0:53:08]}
Bg6 {[%clk 1:12:09]} 17. Rfd1 {[%clk 0:53:25]} Qd8 {[%clk 0:49:08]} 18. Ne1
{[%clk 0:41:09]} Qc7 {[%clk 0:39:33]} 19. Be4 {[%clk 0:38:58]} Ne7 {[%clk
0:39:57]} 20. Ng2 {[%clk 0:37:49]} Rad8 {[%clk 0:36:48]} 21. Nh4 {[%clk 0:36:23]}
Rd6 {[%clk 0:27:38]} 22. Rd2 {[%clk 0:24:36]} b6 {[%clk 0:24:04]} 23. Rad1 {[%clk
0:23:53]} Red8 {[%clk 0:22:01]} 24. Bg2 {[%clk 0:16:53]} Re6 {[%clk 0:19:09]} 25.
d4 {[%clk 0:14:19]} exd4 {[%clk 0:14:04]} 26. cxd4 {[%clk 0:14:42]} cxd4 {[%clk
0:12:05]} 27. Rxd4 {[%clk 0:15:11]} Rxd4 {[%clk 0:12:22]} 28. Rxd4 {[%clk
0:15:39]} Bb1 {[%clk 0:12:27]} 29. b3 {[%clk 0:14:23]} Nc6 {[%clk 0:11:45]} 30.
Rd1 {[%clk 0:13:58]} Be4 {[%clk 0:11:36]} 31. Bxe4 {[%clk 0:12:46]} Rxe4 {[%clk
0:12:04]} 32. Qd3 {[%clk 0:11:51]} Re6 {[%clk 0:04:25]} 33. Qd7 {[%clk 0:09:39]}
Qe5 {[%clk 0:04:50]} 34. Nf5 {[%clk 0:09:23]} h5 {[%clk 0:04:38]} 35. Qd5 {[%clk
0:08:11]} hxg4 {[%clk 0:04:43]} 36. hxg4 {[%clk 0:07:23]} Rg6 {[%clk 0:02:25]}
37. g5 {[%clk 0:07:04]} Qb2 {[%clk 0:01:57]} 38. Rc1 {[%clk 0:06:42]} Bc5 {[%clk
0:01:22]} 39. Rxc5 {[%clk 0:01:43]} bxc5 {[%clk 0:01:45]} 40. Ne7+ {[%clk
0:30:50]} Nxe7 {[%clk 0:32:04]} 41. Qa8+ {[%clk 0:29:45]} Kh7 {[%clk 0:31:06]}
42. Qh1+ {[%clk 0:28:31]} Kg8 {[%clk 0:27:26]} 43. Qa8+ {[%clk 0:28:54]} 1/2-1/2